[Event "4NCL Division 1c"]
[Site "Hinckley Island ENG"]
[Date "2015.05.04"]
[Round "11.141"]
[White "Rendle, Thomas E"]
[Black "Pert, Nick"]
[Result "0-1"]
[WhiteElo "2376"]
[BlackElo "2557"]
[PlyCount "80"]
[EventDate "2015.05.04"]
[WhiteTeam "Grantham Sharks 1"]
[BlackTeam "Guildford 2"]

1. e4 c5 2. d3 Nc6 3. f4 g6 4. Nf3 Bg7 5. Be2 e6 6. O-O Nge7 7. Qe1 d5 8. Nc3
Nd4 9. Bd1 O-O 10. Kh1 b6 11. Qg3 dxe4 12. dxe4 Bb7 13. Qh3 Qd7 14. Ng5 h6 15.
Nf3 Rad8 16. a4 a6 17. Qh4 Nec6 18. f5 g5 19. fxe6 fxe6 20. Qg3 Ne5 21. Re1 Qf7
22. Ng1 Qg6 23. Be3 Nc4 24. Bc1 Nd6 25. Qg4 Nc4 26. Qg3 Rd7 27. h4 Be5 28. Qg4
Bf4 29. Nh3 Ne5 30. Nxf4 Rxf4 31. Qg3 Rxh4+ 32. Kg1 Nf7 33. Qb8+ Kg7 34. Rf1 e5
35. Be3 Rxe4 36. Bf2 Rf4 37. Bg3 Qc6 38. Bf3 Nxf3+ 39. gxf3 Rxf3 40. Bxe5+ Kh7
0-1

[Event "4NCL Division 1c"]
[Site "Hinckley Island ENG"]
[Date "2015.05.04"]
[Round "11.142"]
[White "Smerdon, Dave"]
[Black "Roberson, Peter T"]
[Result "1/2-1/2"]
[WhiteElo "2521"]
[BlackElo "2413"]
[PlyCount "68"]
[EventDate "2015.05.04"]
[WhiteTeam "Guildford 2"]
[BlackTeam "Grantham Sharks 1"]

1. e4 e6 2. d4 d5 3. Nc3 Bb4 4. exd5 exd5 5. Bd3 Nc6 6. a3 Bxc3+ 7. bxc3 Be6 8.
Rb1 b6 9. Qf3 Nge7 10. Qg3 O-O 11. h4 Re8 12. Ne2 Bf5 13. Bh6 Bg6 14. h5 gxh6
15. hxg6 hxg6 16. Qf4 Qd6 17. Qxh6 Qf6 18. Kd2 Na5 19. Ng3 Qg7 20. Qf4 Nc4+ 21.
Bxc4 dxc4 22. Rb5 c5 23. dxc5 Rad8+ 24. Kc1 Qxc3 25. Ne4 Qa1+ 26. Rb1 Qxa3+ 27.
Rb2 Qa1+ 28. Rb1 Qa3+ 29. Rb2 Nd5 30. Qh4 Qa1+ 31. Rb1 Qa3+ 32. Rb2 Qa1+ 33.
Rb1 Qa3+ 34. Rb2 Qa1+ 1/2-1/2

[Event "4NCL Division 1c"]
[Site "Hinckley Island ENG"]
[Date "2015.05.04"]
[Round "11.143"]
[White "Grund, Holger"]
[Black "Zhou, Yang-Fan"]
[Result "0-1"]
[WhiteElo "2398"]
[BlackElo "2477"]
[PlyCount "90"]
[EventDate "2015.05.04"]
[WhiteTeam "Grantham Sharks 1"]
[BlackTeam "Guildford 2"]

1. e4 c5 2. Nf3 e6 3. c3 d5 4. exd5 Qxd5 5. d4 Nf6 6. Bd3 Be7 7. O-O O-O 8. Qe2
Rd8 9. Rd1 Nc6 10. dxc5 Qxc5 11. Bg5 h6 12. b4 Qb6 13. Be3 Qc7 14. b5 Ne5 15.
Nxe5 Qxe5 16. Nd2 Qxc3 17. Nc4 Ne8 18. Bf4 Bf6 19. Rac1 Qb4 20. Qe4 g6 21. Rb1
Qe7 22. Ne5 Bg7 23. Nxg6 fxg6 24. Qxg6 Qf6 25. Be4 Qxg6 26. Bxg6 Bd7 27. Be4 e5
28. Be3 Bxb5 29. Bd5+ Rxd5 30. Rxd5 Bc6 31. Rd2 Nc7 32. h3 Nd5 33. Bc5 Kf7 34.
Rbd1 Ke6 35. g3 a5 36. h4 a4 37. a3 Bf8 38. Bxf8 Rxf8 39. Rd3 Kd6 40. f3 Rf6
41. Kg2 h5 42. Re1 Ke6 43. Kf2 Nb6 44. f4 Nc4 45. Rc3 Kd5 0-1

[Event "4NCL Division 1c"]
[Site "Hinckley Island ENG"]
[Date "2015.05.04"]
[Round "11.144"]
[White "Suarez Real, Alberto"]
[Black "Batchelor, Peter J"]
[Result "0-1"]
[WhiteElo "2462"]
[BlackElo "2296"]
[PlyCount "50"]
[EventDate "2015.05.04"]
[WhiteTeam "Guildford 2"]
[BlackTeam "Grantham Sharks 1"]

1. e4 c6 2. d4 d5 3. Nc3 dxe4 4. Nxe4 Bf5 5. Ng3 Bg6 6. h4 h6 7. Nf3 Nd7 8. h5
Bh7 9. Bd3 Bxd3 10. Qxd3 e6 11. Bd2 Ngf6 12. O-O-O Be7 13. Kb1 O-O 14. Ne4 c5
15. g4 Nxg4 16. Qe2 Qb6 17. Ne5 Ngxe5 18. dxe5 Nxe5 19. Rdg1 f5 20. Bxh6 Rf7
21. Ng5 gxh6 22. Nxe6+ Ng4 23. Rxg4+ fxg4 24. Qxg4+ Bg5 25. f4 Re8 0-1

[Event "4NCL Division 1c"]
[Site "Hinckley Island ENG"]
[Date "2015.05.04"]
[Round "11.145"]
[White "Purton, Ben J"]
[Black "Sarakauskas, Gediminas"]
[Result "0-1"]
[WhiteElo "2192"]
[BlackElo "2447"]
[PlyCount "32"]
[EventDate "2015.05.04"]
[WhiteTeam "Grantham Sharks 1"]
[BlackTeam "Guildford 2"]

1. e4 c5 2. Nf3 d6 3. Bb5+ Nd7 4. O-O Ngf6 5. Nc3 g6 6. e5 dxe5 7. Nxe5 Bg7 8.
d3 O-O 9. Nxd7 Bxd7 10. Qf3 Bxb5 11. Nxb5 Nd5 12. c4 a6 13. Na3 Nb4 14. Qxb7
Rb8 15. Qe4 Nxd3 16. Rd1 Nxf2 0-1

[Event "4NCL Division 1c"]
[Site "Hinckley Island ENG"]
[Date "2015.05.04"]
[Round "11.146"]
[White "Milliet, Sophie"]
[Black "Foisor, Veronica"]
[Result "1-0"]
[WhiteElo "2377"]
[BlackElo "2250"]
[PlyCount "75"]
[EventDate "2015.05.04"]
[WhiteTeam "Guildford 2"]
[BlackTeam "Grantham Sharks 1"]

1. e4 e6 2. d4 d5 3. Nc3 Bb4 4. e5 c5 5. a3 Bxc3+ 6. bxc3 Qa5 7. Bd2 Qa4 8. Qg4
g6 9. Nf3 Nc6 10. Be2 Qxc2 11. dxc5 Bd7 12. O-O Qe4 13. Qxe4 dxe4 14. Ng5 Nxe5
15. Nxe4 Bc6 16. Nd6+ Ke7 17. Rab1 Nf6 18. Bf4 Ned7 19. Nxb7 e5 20. Bg5 h6 21.
Bxf6+ Kxf6 22. Bg4 Rab8 23. Rfd1 Rxb7 24. Rxb7 Bxb7 25. Rd6+ Kg7 26. Bxd7 Rb8
27. f3 Bc8 28. c6 Kf8 29. Rd5 Bxd7 30. cxd7 Ke7 31. c4 Kd8 32. c5 Rb2 33. c6
Rc2 34. Rd6 h5 35. h4 a5 36. a4 f5 37. Rxg6 Kc7 38. Rg8 1-0

[Event "4NCL Division 1c"]
[Site "Hinckley Island ENG"]
[Date "2015.05.04"]
[Round "11.147"]
[White "Holland, James P"]
[Black "Wadsworth, Matthew"]
[Result "1/2-1/2"]
[WhiteElo "2252"]
[BlackElo "2335"]
[PlyCount "35"]
[EventDate "2015.05.04"]
[WhiteTeam "Grantham Sharks 1"]
[BlackTeam "Guildford 2"]

1. e3 Nf6 2. d4 d5 3. c4 c6 4. Nc3 a6 5. Bd3 dxc4 6. Bxc4 b5 7. Bb3 e6 8. Qf3
Bb7 9. Nge2 Nbd7 10. O-O Rc8 11. Rd1 Qb6 12. e4 c5 13. d5 c4 14. Bc2 e5 15. Ng3
g6 16. Bg5 h6 17. Bd2 Bc5 18. b3 1/2-1/2

[Event "4NCL Division 1c"]
[Site "Hinckley Island ENG"]
[Date "2015.05.04"]
[Round "11.148"]
[White "Ciuksyte, Dagne"]
[Black "Murphy, Hugh W"]
[Result "1-0"]
[WhiteElo "2342"]
[BlackElo "2173"]
[PlyCount "57"]
[EventDate "2015.05.04"]
[WhiteTeam "Guildford 2"]
[BlackTeam "Grantham Sharks 1"]

1. e4 c6 2. d4 d5 3. Nd2 dxe4 4. Nxe4 Nf6 5. Nxf6+ exf6 6. Nf3 Bd6 7. Be2 Na6
8. O-O Nc7 9. c4 O-O 10. b3 Re8 11. Bb2 Bg4 12. Re1 Qe7 13. Qd2 f5 14. c5 Nd5
15. cxd6 Qxd6 16. Ne5 Bxe2 17. Rxe2 Nf6 18. Rae1 Qd5 19. Qg5 Qe6 20. d5 cxd5
21. Ng4 Qxe2 22. Nxf6+ Kh8 23. Rxe2 Rxe2 24. Bc3 d4 25. Qxf5 gxf6 26. Qxf6+ Kg8
27. Qg5+ Kf8 28. Bb4+ Ke8 29. Qb5+ 1-0